ბათუმის შოთა რუსთაველის სახელმწიფო უნივერსიტეტის ბიბლიოთეკა

Amor Fati : (ბიბ.ჩანაწერი № 36192)

000 -LEADER
fixed length control field 00682nam a2200217Ia 4500
001 - CONTROL NUMBER
control field 2095
003 - CONTROL NUMBER IDENTIFIER
control field GE_BSU
005 - DATE AND TIME OF LATEST TRANSACTION
control field 20221024151656.0
008 - FIXED-LENGTH DATA ELEMENTS--GENERAL INFORMATION
fixed length control field 181216s2004ru xx |||||||||||||| ||rus||
020 ## - INTERNATIONAL STANDARD BOOK NUMBER
International Standard Book Number 9992849193
040 ## - CATALOGING SOURCE
Transcribing agency GE_BSU
041 ## - LANGUAGE CODE
Language code of text/sound track or separate title rus
080 ## - UNIVERSAL DECIMAL CLASSIFICATION NUMBER
Universal Decimal Classification number 1 Ч-97
100 ## - MAIN ENTRY--PERSONAL NAME
Personal name Чхартишвили, Давид
9 (RLIN) 15488
245 ## - TITLE STATEMENT
Title Amor Fati :
Remainder of title Псевдотопотаксис. ч.1 /
Statement of responsibility, etc. Давид Чхартишвили.
264 ## - PRODUCTION, PUBLICATION, DISTRIBUTION, MANUFACTURE, AND COPYRIGHT NOTICE
Place of production, publication, distribution, manufacture Батуми :
Name of producer, publisher, distributor, manufacturer Юридическая литература,
Date of production, publication, distribution, manufacture, or copyright notice 2004.
300 ## - PHYSICAL DESCRIPTION
Extent 207 стр.:
Other physical details 21см
653 ## - INDEX TERM--UNCONTROLLED
keyword Amor Fati. Псевдотопотаксис
653 ## - INDEX TERM--UNCONTROLLED
keyword ფილოსოფია
942 ## - ADDED ENTRY ELEMENTS (KOHA)
Koha item type წიგნი
Source of classification or shelving scheme
ეგზემპლარები
Withdrawn status Lost status Source of classification or shelving scheme Damaged status Not for loan Permanent Location Current Location Shelving location Date acquired Cost, normal purchase price Full call number Barcode Date last seen Copy number Price effective from Koha item type Public note
          ბათუმის შოთა რუსთაველის სახელმწიფო უნივერსიტეტის მთავარი ბიბლიოთეკა ბათუმის შოთა რუსთაველის სახელმწიფო უნივერსიტეტის მთავარი ბიბლიოთეკა წიგნსაცავი 2018-12-17 8.00 1 Ч-97 4373 2018-12-17 4373 2018-12-17 წიგნი 8.00